000 00377nam a22001217a 4500
008 140128b xxu||||| |||| 00| 0 eng d
110 _912
_aBangladesh Government
245 _aIncome tax manual
_cMinistry of Finance, Govt. of Bnagladesh
_b(part-II)
260 _aDhaka
_bBG Press Bnagladesh
_cc1999
300 _a100p
610 0 _911
_aBnagladesh Goverment Publication
942 _2ddc
_cBK
999 _c9
_d9